|
|
|
|
| LEADER |
00000nam a2200000 a 4500 |
| 001 |
vtls001447437 |
| 003 |
SK-MaSNL |
| 005 |
20260302002202.0 |
| 008 |
160330s2001 xo ab r yy 0 ger |
| 015 |
|
|
|a SNBE2003/01-00655
|
| 020 |
|
|
|a 8096860763
|
| 035 |
|
|
|a SNK000402695
|
| 040 |
|
|
|a SNK
|b slo
|c SNK
|e AACR2
|
| 041 |
0 |
|
|a ger
|
| 044 |
|
|
|a xo
|c SK
|
| 080 |
|
|
|a 908.437.627(083.132)=112
|2 2. stred. slo
|
| 245 |
1 |
|
|a Vrbové
|c verantwortlicher Verfasser: Ľubomír Bosák ; Übersetzung ins Deutsche: Peter Adam ; Foto Peter Blažek ; Graphische Gestaltung: Fedor Mikulčík
|
| 260 |
|
|
|a Vrbové
|b Mestský úrad
|c 2001
|
| 300 |
|
|
|a 1 skladačka (7 s.)
|b fareb. fotogr., pl.
|c 21 cm
|
| 500 |
|
|
|a Súbež. tir. slov.
|
| 500 |
|
|
|a Obalový názov
|
| 500 |
|
|
|a 1000 výt.
|
| 651 |
|
7 |
|a Trnava (Slovensko : okres)
|2 SNK
|9 51837
|
| 651 |
|
7 |
|a Vrbové (Slovensko)
|2 SNK
|9 15406
|
| 655 |
|
7 |
|a informačné publikácie
|2 SNK
|9 70181
|
| 700 |
1 |
|
|a Bosák, Ľubomír
|4 aut
|4 zre
|9 10179
|
| 700 |
1 |
|
|a Adam, Peter
|4 trl
|9 317995
|
| 700 |
1 |
|
|a Blažek, Peter
|4 fot
|9 330747
|
| 700 |
1 |
|
|a Mikulčík, Fedor
|4 gup
|9 10811
|
| 919 |
|
|
|a 80-968607-6-3
|
| 958 |
|
|
|a TL
|
| 958 |
|
|
|a BQ
|
| 958 |
|
|
|a OP
|
| 958 |
|
|
|a DE
|
| 999 |
|
|
|c 986964
|d 988894
|
| 952 |
|
|
|t P60, <03>, [BOOK], {603}
|a SNK
|b SNK
|y PREZ
|7 0
|p 17A0371271
|o snkOSC 21972
|i snkKSP 428/2003
|0 0
|1 0
|4 0
|d 2003-01-15
|l 0
|r 2005-01-02 00:00:00
|w 2026-02-24
|
| 952 |
|
|
|t P60, <04>, [BOOK], {604}
|a SNK
|b SNK
|y VYP
|7 0
|p 17A0371265
|o snkOSC 21972 D1
|i snkKSP 429/2003
|0 0
|1 0
|4 0
|d 2003-01-15
|l 0
|r 2005-01-02 00:00:00
|w 2026-02-24
|